Shaakh-e-Tabassum; Mazahiya Sha'eri Ka Sanjeedah Mutale'ah (Ma'a Intakhab) (Record no. 16449)

000 -LEADER
fixed length control field 00468nam a22001457a 4500
020 ## - INTERNATIONAL STANDARD BOOK NUMBER
ISBN 9694961262
082 ## - DEWEY DECIMAL CLASSIFICATION NUMBER
Classification number 891.4391
100 ## - MAIN ENTRY--AUTHOR NAME
Personal name Anwar Masood
245 ## - TITLE STATEMENT
Title Shaakh-e-Tabassum; Mazahiya Sha'eri Ka Sanjeedah Mutale'ah (Ma'a Intakhab)
Statement of responsibility Anwar Masood
260 ## - PUBLICATION, DISTRIBUTION, ETC. (IMPRINT)
Place of publication Islamabad
Name of publisher Dost Publications
Year of publication 2000
300 ## - PHYSICAL DESCRIPTION
Number of Pages 298 Pages
Other physical details 14x22 cm
-- HB
500 ## - GENERAL NOTE
General note Urdu Poetry.
650 ## - SUBJECT ADDED ENTRY--TOPICAL TERM
Topical Term Literature - Poetry
-- Literature - Urdu Poetry
-- Urdu Literature - Poetry
942 ## - ADDED ENTRY ELEMENTS (KOHA)
Koha item type Books
Holdings
Withdrawn status Lost status Collection code Permanent Location Current Location Shelving location Date acquired Source of acquisition Cost, normal purchase price Full call number Accession Number Koha item type
    Non-fiction Garrison Public Library Multan Garrison Public Library Multan General Stacks 2017-02-09 MSL 180.00 891.4391 A637S 2000 25217 Books

Copyright © 2018. Powered by GPL Web Admin